Responses for Show #6548 - Wednesday, February 20, 2013

2013 Tournament of Champions semifinal game 1.

Contestants

[<< previous game]

Jason Shore, a medical student from Plano, Texas

Dave Leach, a game merchant from Atlanta, Georgia

Kristin Morgan, a strategic analyst for NASA from Huntsville, Alabama

[next game >>]

Jeopardy! Round responses

ETIQUETTE
ON THE MAP
WE'VE HIT BOTTOM
EVERYTHING FROM A TO C
(Alex: Each correct response will begin with the letter A and end with a "C".)
BRITCOMS
LITERATURE: THE END OF THE LINE
    $200 1
a calling card

Jason
    $200 15
Ethiopia

Jason
    $200 26
the Dow Jones

Kristin
    $200 2
apathetic

Dave
    $200 8
The Office

Kristin
    $200 3
the White Whale

Dave
    $400 6
(Kristin: What is an RSVP?)

reply all

KristinDave
    $400 16
Jacksonville

Dave
    $400 27
tails

Dave
    $400 9
(Dave: [Groans])
(Alex: Not coming?)
(Dave: No.)
(Alex: Too bad.)

archaic

DaveJason
    $400 13
Absolutely Fabulous

Kristin
    $400 4
afoot

Dave
    $600 20
(Kristin: [*]... what is [*]?)
(Alex: Yeah, that's good.)

you indicate that you're finished

Kristin
    $600 18
Corsica & Sardinia

Dave
    $600 28
a bottom-feeder

Kristin
    $600 10
an acrostic

Dave
    $600 17
(Rowan) Atkinson

Jason
    $600 5
Jacob Marley

Kristin
    $800 22
godparents

Dave
    $800 24
the Mackenzie River

Kristin
    $800 29
the Grand Canyon

Dave
    $800 11
academic

Kristin
    $800 19
Judi Dench

Kristin
    $1,200 7
Hester Prynne

Dave
    $1000 23
a black crepe (or black ribbon)

Kristin
    $1000 25
East Timor

Kristin
    $1000 30
a lager

Kristin
    $1000 12
anaphylactic

Dave
    $1000 21
Doc Martin

Triple Stumper
    $1000 14
the Owl Creek bridge

Triple Stumper

Scores at the first commercial break (after clue 17):

Kristin Dave Jason
$1,600 $4,000 $1,400

Scores at the end of the Jeopardy! Round:

Kristin Dave Jason
$7,600 $6,600 $1,400

Double Jeopardy! Round responses

IT HAPPENED IN THE 1200s
(Alex: Seems like yesterday, doesn't it?)
TRIOS
WORDS IN THE GETTYSBURG ADDRESS
INSECT EATERS
4-LETTER "K"ROSS WORLD CLUES
MOVIES: THE LINE OF THE END
    $400 7
Francis

Kristin
    $400 10
West Point

Kristin
    $400 1
equal

Dave
    $400 17
a bat

Jason
    $400 6
Kiev

Kristin
    $400 26
Back to the Future

Dave
    $800 9
Genghis Khan

Dave
    $800 18
the Triple Crown

Dave
    $800 2
vain

Jason
    $800 22
Madagascar

Dave
    $800 8
Kent

Kristin
    $800 29
The Life of Brian

Jason
    $1200 11
King John

Jason
    $1200 19
"Nessun Dorma"

Jason
    $1200 3
proper

Dave
    $1200 23
a hedgehog

Dave
    $1200 12
khat

Jason
    $1200 27
Risky Business

Triple Stumper
    $4,800 15
the Hapsburgs

Kristin
    $1600 20
the fiery furnace

Triple Stumper
    $1600 4
consecrate

Jason
    $1600 24
a shrew

Dave
    $1600 13
a kepi

Kristin
    $4,000 28
(Alex: You trail Kristin by $4,200.)
(Dave: Let's do... $4,000.)

The Shawshank Redemption

Dave
    $2000 16
(Kristin: What is Turkey?)

Egypt

Kristin
Triple Stumper
    $2000 21
the Graces

Kristin
    $2000 5
note

Jason
    $2000 25
a mole

Kristin
    $2000 14
(Alex: I've been on it--the [*] Canal.)

Kiel

Triple Stumper
    $2000 30
(Alex: One of my favorite films--[*].)

Judgment at Nuremberg

Triple Stumper

Scores at the end of the Double Jeopardy! Round:

Kristin Dave Jason
$18,000 $17,800 $10,600

[wagering suggestions for these scores]

Final Jeopardy! Round responses

CLASSIC JAZZ SONGS
(Alex: [Revealing Kristin's wager] In the movie Patton, George C. Scott says, "l'audace, toujours l'audace". And that's what you demonstrated with that wager.)
JasonWhat is Take Five?
$10,022
DaveWhat is Take Five?
$3,401
KristinWhat is Take Five?
$17,601
"Take Five"

Final scores:

Kristin Dave Jason
$35,601 $21,201 $20,622
Finalist 2nd place: $10,000 3rd place: $10,000

Game dynamics:

Coryat scores:

Kristin Dave Jason
$14,800 $15,000 $10,600
20 R
(including 1 DD),
2 W
21 R
(including 2 DDs),
1 W
12 R,
0 W

Combined Coryat: $40,400

[game clues] [game scores] [suggest correction]

Game tape date: 2013-01-16
The J! Archive is created by fans, for fans. Scraping, republication, monetization, and malicious use prohibited; this site may use cookies and collect identifying information. See terms. The Jeopardy! game show and all elements thereof, including but not limited to copyright and trademark thereto, are the property of Jeopardy Productions, Inc. and are protected under law. This website is not affiliated with, sponsored by, or operated by Jeopardy Productions, Inc. Join the discussion at JBoard.tv.